Podi Mondiali di calcio - Statistics

Statistiche generali
  • Questo quiz è stato fatto 217 volte
  • Il punteggio medio è 16 su 20
Statistiche sulle risposte
Primo posto Secondo posto Terzo posto Nazionale % Corretto
3 3 - Argentina
100%
4 2 1 Italia
100%
5 2 2 Brasile
99%
2 2 2 Francia
99%
4 4 4 Germania
99%
1 - - Spagna
98%
1 - - Inghilterra
97%
2 - - Uruguay
97%
- 3 1 Paesi Bassi
93%
- 1 2 Croazia
88%
- - 1 Portogallo
85%
- - 1 Belgio
81%
- 1 2 Svezia
76%
- - 2 Polonia
69%
- 2 - Ungheria
69%
- 2 - Cecoslovacchia
60%
- - 1 Cile
57%
- - 1 Stati Uniti
57%
- - 1 Turchia
52%
- - 1 Austria
50%
Nessun quiz corrispondente trovato
Distribuzione punteggi
Percentuale di utenti per punteggio
Percentile per numero di risposta
I tuoi punteggi nel tempo
Non hai fatto questo quiz